<?xml version="1.0" encoding="UTF-8"?><?xml-stylesheet type="text/xsl" href="static/style.xsl"?><OAI-PMH xmlns="http://www.openarchives.org/OAI/2.0/" xmlns:xsi="http://www.w3.org/2001/XMLSchema-instance" xsi:schemaLocation="http://www.openarchives.org/OAI/2.0/ http://www.openarchives.org/OAI/2.0/OAI-PMH.xsd"><responseDate>2026-04-29T17:31:56Z</responseDate><request verb="GetRecord" identifier="oai:repisalud.isciii.es:20.500.12105/27042" metadataPrefix="marc">https://repisalud.isciii.es/rest/oai/request</request><GetRecord><record><header><identifier>oai:repisalud.isciii.es:20.500.12105/27042</identifier><datestamp>2025-12-18T12:57:39Z</datestamp><setSpec>com_20.500.12105_26629</setSpec><setSpec>com_20.500.12105_5570</setSpec><setSpec>com_20.500.12105_2404</setSpec><setSpec>com_20.500.12105_2403</setSpec><setSpec>col_20.500.12105_26932</setSpec></header><metadata><record xmlns="http://www.loc.gov/MARC21/slim" xmlns:dcterms="http://purl.org/dc/terms/" xmlns:doc="http://www.lyncode.com/xoai" xmlns:xsi="http://www.w3.org/2001/XMLSchema-instance" xsi:schemaLocation="http://www.loc.gov/MARC21/slim http://www.loc.gov/standards/marcxml/schema/MARC21slim.xsd">
   <leader>00925njm 22002777a 4500</leader>
   <datafield ind2=" " ind1=" " tag="042">
      <subfield code="a">dc</subfield>
   </datafield>
   <datafield ind2=" " ind1=" " tag="720">
      <subfield code="a">López-Guillén García, Araceli</subfield>
      <subfield code="e">author</subfield>
   </datafield>
   <datafield ind2=" " ind1=" " tag="260">
      <subfield code="c">2025-09-30</subfield>
   </datafield>
   <datafield ind2=" " ind1=" " tag="520">
      <subfield code="a">[ES]El retorno al trabajo de las mujeres supervivientes de cáncer de mama es un proceso multifactorial que refleja no solo la recuperación física, sino también la reintegración social y profesional. Diversos elementos influyen en esta transición, agrupados en tres dimensiones principales: personales, clínicas y laborales. En el ámbito personal, factores como la edad, el nivel educativo y el apoyo social tienen un impacto significativo. Las mujeres más jóvenes y con mayor formación suelen reincorporarse con mayor facilidad, especialmente si cuentan con redes de apoyo sólidas. Desde la perspectiva clínica, el tipo de tratamiento recibido y los efectos secundarios persistentes —como fatiga, dolor o linfedema— pueden limitar la capacidad funcional y retrasar el regreso al entorno laboral. Los factores laborales también son determinantes. La naturaleza del empleo, la flexibilidad de horarios, las condiciones físicas del puesto y el grado de comprensión del entorno laboral influyen directamente en la reincorporación. Las políticas de adaptación progresiva y los programas de rehabilitación ocupacional pueden facilitar este proceso. En conjunto, el retorno al trabajo requiere un enfoque integral que contemple tanto las necesidades médicas como las sociales y laborales, promoviendo entornos inclusivos y estrategias de apoyo que favorezcan una reintegración sostenible y digna. [EN] The return to work of breast cancer survivors is a multifaceted process that reflects not only physical recovery but also social and professional reintegration. Several elements influence this transition, grouped into three main dimensions: personal, clinical, and occupational. On a personal level, factors such as age, educational background, and social support play a significant role. Younger women with higher levels of education tend to return to work more easily, especially when supported by strong social networks. Clinically, the type of treatment received and persistent side effects—such as fatigue, pain, or lymphedema—can limit functional capacity and delay reentry into the workforce. Occupational factors are also critical. The nature of the job, schedule flexibility, physical demands, and the level of understanding from employers and colleagues directly affect the reintegration process. Policies that allow for gradual return and access to occupational rehabilitation programs can facilitate this transition. Overall, the return-to-work process requires a comprehensive approach that considers medical, social, and occupational needs. Promoting inclusive environments and implementing supportive strategies are key to ensuring a sustainable and dignified reintegration for breast cancer survivors.
Keywords: Return to Work; Breast Neoplasms; Cancer Survivors; Cultural Factors; Social Factors; Sociodemographic Factors.</subfield>
   </datafield>
   <datafield ind1="8" ind2=" " tag="024">
      <subfield code="a">López-Guillén García A. Factores que pueden influir en el retorno al trabajo de las supervivientes de cáncer de mama. Med Segur Trab (Internet). 2025;71(280):158-167. doi: 10.4321/s0465-546x2025000300001</subfield>
   </datafield>
   <datafield ind1="8" ind2=" " tag="024">
      <subfield code="a">1989-7790</subfield>
   </datafield>
   <datafield ind1="8" ind2=" " tag="024">
      <subfield code="a">156240044</subfield>
   </datafield>
   <datafield ind1="8" ind2=" " tag="024">
      <subfield code="a">https://hdl.handle.net/20.500.12105/27042</subfield>
   </datafield>
   <datafield tag="653" ind2=" " ind1=" ">
      <subfield code="a">Reinserción al Trabajo;</subfield>
   </datafield>
   <datafield tag="653" ind2=" " ind1=" ">
      <subfield code="a">neoplasias de la mama</subfield>
   </datafield>
   <datafield tag="653" ind2=" " ind1=" ">
      <subfield code="a">supervivientes de Cáncer</subfield>
   </datafield>
   <datafield tag="653" ind2=" " ind1=" ">
      <subfield code="a">factores Culturales</subfield>
   </datafield>
   <datafield tag="653" ind2=" " ind1=" ">
      <subfield code="a">factores Sociales</subfield>
   </datafield>
   <datafield tag="653" ind2=" " ind1=" ">
      <subfield code="a">factores sociodemográficos</subfield>
   </datafield>
   <datafield tag="653" ind2=" " ind1=" ">
      <subfield code="a">return to Work</subfield>
   </datafield>
   <datafield tag="653" ind2=" " ind1=" ">
      <subfield code="a">breast neoplasms</subfield>
   </datafield>
   <datafield tag="653" ind2=" " ind1=" ">
      <subfield code="a">cancer survivors</subfield>
   </datafield>
   <datafield tag="653" ind2=" " ind1=" ">
      <subfield code="a">cultural factors</subfield>
   </datafield>
   <datafield tag="653" ind2=" " ind1=" ">
      <subfield code="a">social factors</subfield>
   </datafield>
   <datafield tag="653" ind2=" " ind1=" ">
      <subfield code="a">sociodemographic factors</subfield>
   </datafield>
   <datafield ind2="0" ind1="0" tag="245">
      <subfield code="a">Factores que pueden influir en el retorno al trabajo de las supervivientes de cáncer de mama</subfield>
   </datafield>
</record></metadata></record></GetRecord></OAI-PMH>